20th century day by day / (Record no. 66161)
[ view plain ]
| 000 -الفاتح | |
|---|---|
| حقل البيانات ثابتة الطول | 01013cam a2200289 a 4500 |
| 005 - وقت وتاريخ اخر تعامل مع التسجيلة | |
| رقم الضبط | 20240530110903.0 |
| 008 - عناصر البيانات ثابتة الطول - معلومات عامة | |
| حقل البيانات ثابتة الطول | 000112s1999 nyua 001 0 eng |
| 010 ## - | |
| -- | 00265064 |
| 020 ## - الرقم الدولى المعيارى للكتب | |
| الرقم الدولى المعيارى للكتاب | 0789446405 |
| 040 ## - مصدر الفهرسة | |
| وكالة الفهرسة الأصلية | DLC |
| وكالة النسخ | DLC |
| وكالة التعديل | DLC |
| 050 00 - | |
| -- | D422 |
| -- | .C53 1999 |
| 082 04 - رقم تصنيف ديوى العشرى | |
| رقم الطبعة | 20 |
| رقم التصنيف | 031.02\ |
| رقم المادة | D T |
| 245 00 - بيان العنوان | |
| العنوان | 20th century day by day / |
| بيان المسئوليه,etc | [editor in chief, Clifton Daniel]. |
| 246 3# - العنوان الموازى | |
| عنوان صحيح/عنوان مختصر | Twentieth century day by day |
| 260 ## - PUBLICATION, DISTRIBUTION, ETC. (IMPRINT) | |
| تاريخ النشر أو التوزيع | c1999. |
| 300 ## - الوصف المادى | |
| التعداد | 1542 p. : |
| تفاصيل ماديه اخرى للوعاء | ill. (some col.) ; |
| أبعاد الوعاء | 30 cm. |
| 500 ## - تبصرة عامة | |
| تبصرة عامة | Updated ed. of: Chronicle of the 20th century. |
| 500 ## - تبصرة عامة | |
| تبصرة عامة | Includes index. |
| 650 #0 - المدخل الاضافى بالموضوع-مصطلح موضوعى | |
| مصطلح موضوعي | History, Modern |
| التقسيم الفرعي الزمني | 20th century |
| التقسيم الفرعي الشكلي | Chronology. |
| 700 1# - المدخل الاضافى - اسم شخصى | |
| الإسم الشخصى | Daniel, Clifton, |
| التواريخ المصاحبة للاسم | 1912-2000. |
| 730 0# - المدخل الاضافى- عنوان موحد | |
| عنوان موحد | Chronicle of the 20th century. |
| 942 ## - عناصر المدخل الإضافي( كوها) | |
| مصدر التصنيف او مخطط الترفيف | Dewey Decimal Classification |
| Koha [default] item type | كتاب |
| 260 ## - PUBLICATION, DISTRIBUTION, ETC. (IMPRINT) | |
| -- | New York, NY : |
| -- | DK Pub., |
| 906 ## - عنصر بيانات محلى F, LDF (RLIN) | |
| a | 7 |
| b | cbc |
| c | origcop |
| d | 2 |
| e | ncip |
| f | 20 |
| g | y-gencatlg |
| حالة التراجع | حالة الفقد | مصدر التصنيف او خطة الترفيف | حالة تلف | ليس للاعارة | المكان المؤقت | الموقع الحالى | تاريخ الاكتساب | اجمالي اﻻعارات | رقم الطلب | الباركود | تاريخ اخر مشاهدة | تاريخ تفعيل السعر | نوع وعاء كوها |
|---|---|---|---|---|---|---|---|---|---|---|---|---|---|
| ddc | مكتبة القاهرة الكبرى | مكتبة القاهرة الكبرى | 02/19/2022 | 031.02\ D T | 167408 | 02/19/2022 | 02/19/2022 | كتاب |

